[Event "Ketrzyn op-A 12th"]
[Site "Ketrzyn"]
[Date "2009.12.30"]
[Round "8"]
[White "Barsciauskas, Gintautas"]
[Black "Zielinski, Stanislaw"]
[Result "0-1"]
[WhiteElo "1904"]
[BlackElo "2159"]
[PlyCount "107"]
[EventDate "2009.12.27"]
[EventType "swiss"]
[EventRounds "9"]
[EventCountry "POL"]
[SourceTitle "CBM 134 Extra"]
[Source "ChessBase"]
[SourceDate "2010.03.03"]
[SourceVersion "1"]
[SourceVersionDate "2010.03.03"]
[SourceQuality "1"]

1. d3 e5 2. e4 Nf6 3. Be2 d5 4. Nd2 c6 5. Ngf3 Qc7 6. 0-0 Be7 7. c3 0-0 8. a3 Nbd7 9. b4 Rd8 10. Qc2 Nf8 11. Ne1 Ng6 12. g3 a5 13. Bb2 Bh3 14. Ng2 Rd7 15. Rfd1 Rad8 16. Nf1 Bg4 17. h4 Bxe2 18. Qxe2 dxe4 19. dxe4 Rxd1 20. Rxd1 Rxd1 21. Qxd1 Nxe4 22. h5 Nf8 23. Qe2 Nf6 24. Nge3 N8d7 25. Nf5 Bf8 26. Nh2 g6 27. hxg6 hxg6 28. Ne3 b5 29. Nf3 e4 30. Nd4 axb4 31. cxb4 Qd6 32. Nf1 Bg7 33. Nd2 Qd5 34. N4b3 Ne5 35. Bxe5 Qxe5 36. Nf1 Nd5 37. Nc5 f5 38. Nb3 Qb2 39. Qd1 Qxa3 40. Na5 Qc3 41. g4 f4 42. g5 Qe5 43. Qg4 Qf5 44. Qxf5 gxf5 45. Nxc6 Bc3 46. Kg2 Kg7 47. Kh3 Bxb4 48. Nd4 Kg6 49. Nxb5 Bc5 50. Kg2 e3 51. fxe3 fxe3 52. Kf3 Kxg5 53. Ng3 Kf6 54. Ne2 0-1

[Event "Ketrzyn op-A 12th"]
[Site "Ketrzyn"]
[Date "2009.12.27"]
[Round "2"]
[White "Renkowski, Piotr"]
[Black "Zielinski, Stanislaw"]
[Result "1-0"]
[WhiteElo "1793"]
[BlackElo "2159"]
[PlyCount "89"]
[EventDate "2009.12.27"]
[EventType "swiss"]
[EventRounds "9"]
[EventCountry "POL"]
[SourceTitle "CBM 134 Extra"]
[Source "ChessBase"]
[SourceDate "2010.03.03"]
[SourceVersion "1"]
[SourceVersionDate "2010.03.03"]
[SourceQuality "1"]

1. e4 e5 2. Nf3 Nc6 3. Bc4 Bc5 4. Nc3 d6 5. d3 Nf6 6. Bg5 h6 7. Bxf6 Qxf6 8. Nd5 Qd8 9. c3 0-0 10. b4 Bb6 11. 0-0 Bg4 12. Ne3 Be6 13. Bb3 Re8 14. Qd2 Bxe3 15. fxe3 Bxb3 16. axb3 d5 17. exd5 Qxd5 18. c4 Qd6 19. b5 Ne7 20. d4 Ng6 21. Qc3 c6 22. bxc6 Qxc6 23. d5 Qd7 24. e4 b6 25. Ra6 Qg4 26. Qc2 Nf4 27. Kh1 f5 28. exf5 e4 29. Ne1 e3 30. f6 gxf6 31. Rf3 Kh8 32. Qc3 Re5 33. Qd4 Nh3 34. Qxg4 Nf2+ 35. Kg1 Nxg4 36. h3 Nf2 37. Rxf6 Kg7 38. Rfxb6 axb6 39. Rxa8 Ne4 40. Rb8 e2 41. Rb7+ Kg8 42. Rxb6 Rf5 43. Nc2 h5 44. Re6 Ng3 45. Rg6+ 1-0

[Event "Kolobrzeg op 10th"]
[Site "Kolobrzeg"]
[Date "2009.08.24"]
[Round "8"]
[White "Zielinski, Stanislaw"]
[Black "Pacuszka, Tomasz"]
[Result "1/2-1/2"]
[WhiteElo "2126"]
[BlackElo "2284"]
[PlyCount "50"]
[EventDate "2009.08.17"]
[EventType "swiss"]
[EventRounds "9"]
[EventCountry "POL"]
[SourceTitle "CBM 131 Extra"]
[Source "ChessBase"]
[SourceDate "2009.09.03"]
[SourceVersion "2"]
[SourceVersionDate "2009.09.16"]
[SourceQuality "1"]

1. e4 e5 2. Nf3 d6 3. d4 Nd7 4. Bc4 Be7 5. 0-0 c6 6. Re1 Ngf6 7. Nbd2 0-0 8. b3 Qc7 9. Bb2 h6 10. Bd3 Re8 11. Nf1 exd4 12. Nxd4 Ne5 13. f4 Nxd3 14. cxd3 Qb6 15. Ne3 d5 16. e5 Bc5 17. Ndc2 Bxe3+ 18. Nxe3 Ng4 19. Qf3 Nxe3 20. Rxe3 f5 21. d4 Be6 22. Qh5 Qc7 23. Rg3 Kh8 24. Ba3 Qf7 25. Qxf7 Bxf7 1/2-1/2

[Event "Kolobrzeg op 10th"]
[Site "Kolobrzeg"]
[Date "2009.08.21"]
[Round "5"]
[White "Karski, Lukasz"]
[Black "Zielinski, Stanislaw"]
[Result "1/2-1/2"]
[WhiteElo "1960"]
[BlackElo "2126"]
[PlyCount "51"]
[EventDate "2009.08.17"]
[EventType "swiss"]
[EventRounds "9"]
[EventCountry "POL"]
[SourceTitle "CBM 131 Extra"]
[Source "ChessBase"]
[SourceDate "2009.09.03"]
[SourceVersion "2"]
[SourceVersionDate "2009.09.16"]
[SourceQuality "1"]

1. d4 d5 2. c4 Nf6 3. Nc3 e6 4. cxd5 exd5 5. Bg5 Be7 6. e3 0-0 7. Bd3 c6 8. Qc2 Nbd7 9. Nge2 Re8 10. h3 Nf8 11. 0-0-0 Be6 12. Kb1 Rc8 13. Bf5 Bxf5 14. Qxf5 Qd7 15. Qxd7 N6xd7 16. Bxe7 Rxe7 17. Nf4 Ne6 18. Nxe6 fxe6 19. Rhe1 e5 20. Kc1 Rf8 21. f3 Rfe8 22. Kd2 exd4 23. exd4 Kf7 24. Rxe7+ Rxe7 25. Re1 Rxe1 26. Kxe1 1/2-1/2

[Event "Kolobrzeg op 10th"]
[Site "Kolobrzeg"]
[Date "2009.08.20"]
[Round "4"]
[White "Zielinski, Stanislaw"]
[Black "Zielinski, Wojciech"]
[Result "1/2-1/2"]
[WhiteElo "2126"]
[BlackElo "1973"]
[PlyCount "83"]
[EventDate "2009.08.17"]
[EventType "swiss"]
[EventRounds "9"]
[EventCountry "POL"]
[SourceTitle "CBM 131 Extra"]
[Source "ChessBase"]
[SourceDate "2009.09.03"]
[SourceVersion "2"]
[SourceVersionDate "2009.09.16"]
[SourceQuality "1"]

1. Nf3 Nc6 2. e3 d5 3. b3 Bg4 4. Be2 Nf6 5. Bb2 Bxf3 6. Bxf3 e5 7. d3 Bd6 8. Nd2 0-0 9. c4 dxc4 10. Bxc6 bxc6 11. dxc4 Bb4 12. a3 Bxd2+ 13. Qxd2 Qxd2+ 14. Kxd2 Ne4+ 15. Ke2 f6 16. f3 Nc5 17. b4 Ne6 18. Rhd1 Rfd8 19. Rxd8+ Rxd8 20. Rd1 Rxd1 21. Kxd1 Kf7 22. Ke2 Ke7 23. a4 Kd6 24. Ba3 c5 25. b5 c6 26. Bb2 cxb5 27. axb5 Nf8 28. Kd3 Nd7 29. h4 Nb6 30. g4 Ke6 31. f4 exf4 32. exf4 g6 33. Bc1 f5 34. g5 Kd6 35. Bd2 Nd7 36. Ba5 Nb6 37. Bxb6 axb6 38. Ke3 Ke6 39. Kf3 Kf7 40. Kg3 Kg7 41. h5 Kh8 42. h6 1/2-1/2

[Event "Kolobrzeg op 10th"]
[Site "Kolobrzeg"]
[Date "2009.08.19"]
[Round "3"]
[White "Tomczak, Jacek"]
[Black "Zielinski, Stanislaw"]
[Result "1-0"]
[WhiteElo "2447"]
[BlackElo "2126"]
[PlyCount "55"]
[EventDate "2009.08.17"]
[EventType "swiss"]
[EventRounds "9"]
[EventCountry "POL"]
[SourceTitle "CBM 131 Extra"]
[Source "ChessBase"]
[SourceDate "2009.09.03"]
[SourceVersion "2"]
[SourceVersionDate "2009.09.16"]
[SourceQuality "1"]

1. e4 e5 2. Nf3 Nc6 3. d4 exd4 4. Nxd4 Nf6 5. Nxc6 bxc6 6. e5 Qe7 7. Qe2 Nd5 8. Nd2 a5 9. c4 Ba6 10. b3 Nb6 11. g3 Qe6 12. Bg2 a4 13. 0-0 d5 14. Nf3 Bc5 15. Be3 Qe7 16. e6 f6 17. Nh4 g6 18. Bxc5 Qxc5 19. Qg4 Qe7 20. Rfe1 f5 21. Qd4 0-0 22. c5 Nc8 23. Qxa4 Qe8 24. Nf3 Ne7 25. Qd4 Bc8 26. Ng5 h6 27. Nf7 Kh7 28. Qf4 1-0